000 006700000a22001930004500
005 20170207112918.0
008 170207b xxu||||| |||| 00| 0 spa d
040 _aCO-BoIAVH
_cCO-BoIAVH
041 _aspa
090 _aMM
_b00230
111 2 _aCurso Análisis y Diagnóstico para nuevas Construcciones en Guadua
_cPereira:
_dSeptiembre 25-28, 2003
_978952
245 1 0 _aCurso análisis y diagnóstico para nuevas construcciones en guadua
257 _aColombia
264 _aPereira:
_bUniversidad Tecnológica de Pereira,
_c2003.
300 _aCD-ROM
_b1
650 _aGuadua
_xconstrucciones
_978953
651 _aColombia
_zEje Cafetero
_978954
942 _cCD-ROM
_2z
999 _c16613
_d16613